La pampa. El suicidio de una persona con padecimientos mentales atendida por el servicio público de salud. (Registro nro. 33098)

Detalles MARC
000 -LEADER
fixed length control field 00466 a2200121 4500
001 - CONTROL NUMBER
control field ART_55544
005 - DATE AND TIME OF LATEST TRANSACTION
control field 20260410162021.0
008 - FIXED-LENGTH DATA ELEMENTS--GENERAL INFORMATION
fixed length control field 260409a
100 1# - MAIN ENTRY--PERSONAL NAME
Personal name Bellotti San Martín, Lucas
245 10 - TITLE STATEMENT
Title La pampa. El suicidio de una persona con padecimientos mentales atendida por el servicio público de salud.
700 1# - ADDED ENTRY--PERSONAL NAME
Personal name Tomas, Lucas P.
773 0# - HOST ITEM ENTRY
Title Temas de derecho de familia, sucesiones y bioética
Related parts - Año 7, N° 4 (abr. 2022)
Record control number REV41029

No hay ítems disponibles.